| 000 | 00364nam a2200145 i 4500 | ||
|---|---|---|---|
| 001 | bg | ||
| 100 | 1 | _aIYENGAR, N. G. R. | |
| 245 | 0 |
_aProgramming methods in structural design / _cN.G.R. Iyengar, S.K. Gupta. |
|
| 260 |
_aLondon, _c1980. |
||
| 700 | 1 | _aGUPTA, S. K. | |
| 040 | _cBPK | ||
| 041 | _apol | ||
| 942 | _cKS | ||
| 008 | s pl f |000 0 pol | ||
| 999 |
_c28231 _d28231 |
||
| 856 |
_uhttp://koha.tu.koszalin.pl/cgi-bin/koha/opac-detail.pl?biblionumber=28231 _yKatalog online BPK |
||